Crazy mixed-up contracts (Record no. 64533)
[ view plain ]
| 000 -LEADER | |
|---|---|
| fixed length control field | 01004cam a2200217 4500 |
| 001 - CONTROL NUMBER | |
| control field | ABS62728 |
| 008 - FIXED-LENGTH DATA ELEMENTS--GENERAL INFORMATION | |
| fixed length control field | 000000n2000 000 0 eng u |
| 035 ## - SYSTEM CONTROL NUMBER | |
| System control number | (Sirsi) u108017 |
| 100 ## - MAIN ENTRY--PERSONAL NAME | |
| Personal name | Hanson, M. |
| 245 ## - TITLE STATEMENT | |
| Title | Crazy mixed-up contracts |
| 260 ## - PUBLICATION, DISTRIBUTION, ETC. | |
| Date of publication, distribution, etc. | 2000 |
| 490 ## - SERIES STATEMENT | |
| Series statement | Building |
| Volume/sequential designation | 265(8150) 18 August 2000, 50(1) |
| 520 ## - SUMMARY, ETC. | |
| Summary, etc. | Discusses the case of "Nottingham Community Housing Association Ltd v Powerminster Ltd" which riased a number of questions about how 'hybrid' facilities management contracts should be dealt with. Hybrid contracts are occur where some of the services to be performed under the Construction Act and some do not. |
| 590 ## - LOCAL NOTE (RLIN) | |
| Local note | ABS |
| 650 ## - SUBJECT ADDED ENTRY--TOPICAL TERM | |
| Topical term or geographic name entry element | HYBRID CONTRACT |
| 650 ## - SUBJECT ADDED ENTRY--TOPICAL TERM | |
| Topical term or geographic name entry element | NOTTINGHAM COMMUNITY HOUSING ASSOCIATION V POWERMINSTER |
| 650 ## - SUBJECT ADDED ENTRY--TOPICAL TERM | |
| Topical term or geographic name entry element | FAIR PAYMENT CLAUSES |
| 650 ## - SUBJECT ADDED ENTRY--TOPICAL TERM | |
| Topical term or geographic name entry element | MANAGEMENT-DISPUTE AVOIDANCE, MANAGEMENT AND RESOLUTION-DISPUTE MANAGEMENT AND RESOLUTION-ALTERNATIVE DISPUTE RESOLUTION-ADJUDICATION |
| 690 ## - LOCAL SUBJECT ADDED ENTRY--TOPICAL TERM (OCLC, RLIN) | |
| Topical term or geographic name as entry element | Dispute resolution |
| 9 (RLIN) | 6236 |
| 942 ## - ADDED ENTRY ELEMENTS (KOHA) | |
| Suppress in OPAC | 0 |
| Withdrawn status | Lost status | Source of classification or shelving scheme | Damaged status | Not for loan | Home library | Current library | Shelving location | Date acquired | Total Checkouts | Full call number | Barcode | Date last seen | Copy number | Price effective from | Koha item type |
|---|---|---|---|---|---|---|---|---|---|---|---|---|---|---|---|
| Dewey Decimal Classification | London | London | Journal article | 29/08/2000 | ABS62728 | 108017-1001 | 06/08/2019 | 1 | 06/08/2019 | Journal article |